000 01504nam a22003977a 4500
001 0065206
003 KOHA_MİRAKIL
005 20260207004551.0
007 ta
008 191224b2017 ge |||grd|||#0|||1|ger |
020 _a9783515118620
040 _aTR-BiSEU
_btur
_cTR-BiSEU
_erda
041 0 _ager
044 _cge
050 _aPL54.64
_b.R64 2017
100 1 _aRöhrborn, Klaus.
240 1 0 _aUygurca sözlük : İslam öncesi Orta Asya türkçe metinlerin dil malzemesi
_lAlmanca
245 1 _aUigurisches Wörterbuch II.2 :
_bSprachmaterial der vorislamischen türkischen Texte aus Zentralasien =
_bUygurca sözlük :
_bİslam öncesi Orta Asya türkçe metinlerin dil malzemesi /
_cKlaus Röhrborn ; von Klaus Röhrborn.
264 1 _aStuttgart :
_bFranz Steiner
_c2017
300 _avolumes ;
_c 24 cm.
336 _ametin
_btxt
_2rdacontent
337 _aaracısız
_bn
_2rdamedia
338 _acilt
_bnc
_2rdacarrier
490 0 _aOrientalistik
500 _aIncludes bibliographical references.
505 _aI. Verben. Band. 1. Ab- -- äzüglä- -- II. Nomina, Pronomina, Partikeln. Band 1: a-asvık. Band 2: aš-äžük
650 0 _aUighur language--Dictionaries--German.
_9121960
650 0 _aUighur language.
_969801
650 0 _aDictionaries.
_91709
650 0 _aUygur dili - Sözlükler - Almanca.
_9122272
650 0 _aUygur dili.
_969803
650 0 _aSözlükler.
_91707
830 0 _aOrientalistik
_9122273
907 _aSözlük
942 _2lcc
_cBK
999 _c65517
_d65517